Online
Catalog

Las experiencias de una maestra / (Record no. 17425)

MARC details
000 -CABECERA
campo de control de longitud fija 01645nam a2200289 i 4500
001 - NÚMERO DE CONTROL
campo de control 000017901
003 - IDENTIFICADOR DEL NÚMERO DE CONTROL
campo de control DO-SdBNP
005 - FECHA Y HORA DE LA ÚLTIMA TRANSACCIÓN
campo de control 20230821105116.0
007 - CAMPO FIJO DE DESCRIPCIÓN FÍSICA--INFORMACIÓN GENERAL
campo de control de longitud fija ta
008 - DATOS DE LONGITUD FIJA--INFORMACIÓN GENERAL
campo de control de longitud fija 100407s200u dr 001 0dspa d
040 ## - FUENTE DE LA CATALOGACIÓN
Centro catalogador/agencia de origen DO-SdBNP
Lengua de catalogación spa
Centro/agencia transcriptor BNPHU
Normas de descripción rda
082 #4 - NÚMERO DE LA CLASIFICACIÓN DECIMAL DEWEY
Número de clasificación 371.1
Número de documento/Ítem G887e
Número de edición 22
100 1# - ENTRADA PRINCIPAL--NOMBRE DE PERSONA
Nombre de persona Grullón de la Cruz, Ernestina,
Fechas asociadas al nombre 1926-
9 (RLIN) 38843
Término indicativo de función/relación autor
245 14 - MENCIÓN DE TÍTULO
Título Las experiencias de una maestra /
Mención de responsabilidad, etc. Ernestina Grullón.
264 ## - PRODUCCIÓN, PUBLICACIÓN, DISTRIBUCIÓN, FABRICACIÓN Y COPYRIGHT
Producción, publicación, distribución, fabricación y copyright Santo Domingo :
Nombre del de productor, editor, distribuidor, fabricante [s.n.,
Fecha de producción, publicación, distribución, fabricación o copyright 200_].
300 ## - DESCRIPCIÓN FÍSICA
Extensión 164 páginas ;
Dimensiones 21 cm.
336 ## - TIPO DE CONTENIDO
Fuente rdacontent
Término de tipo de contenido texto
Código de tipo de contenido txt
337 ## - TIPO DE MEDIO
Fuente rdamedia
Nombre/término del tipo de medio sin mediación
Código del tipo de medio nc
338 ## - TIPO DE SOPORTE
Fuente rdacarrier
Nombre/término del tipo de soporte volumen
Código del tipo de soporte n
505 ## - NOTA DE CONTENIDO CON FORMATO
Nota de contenido con formato Dedicatoria--
Título Agradecimiento--
-- Presentación--
-- Autografía--
-- Escuela rudimentaria La Bajada --
-- Escuela rudimentaria Las Piñas --
-- Escuela rudimentaria Caonabo --
-- Escuela experimental Fidel Ferrer --
-- Departamento de Educación Especial --
-- Centro de Educación Especial San Lorenzo de Los Mina --
-- Algunas expresiones de los padres, maestros y tutores --
-- Opiniones positivas --
-- Algunas expresiones de niños y niñas --
-- Opiniones de alumnos y alumnas que fueron integrados a escuelas regulares: Año lectivo 2003-2004 --
-- Problemas con los nombres y las actas de nacimiento --
-- Himno de Educación Especial --
-- Oración por el hijo especial --
-- Las bienaventuranzas del discapacitado mental.
590 ## - NOTA LOCAL (RLIN)
Nota local Inventariado, 2018/VM
650 #4 - PUNTO DE ACCESO ADICIONAL DE MATERIA--TÉRMINO DE MATERIA
Término de materia o nombre geográfico como elemento de entrada Sociología de la educación
Subdivisión geográfica República Dominicana
9 (RLIN) 17416
650 #4 - PUNTO DE ACCESO ADICIONAL DE MATERIA--TÉRMINO DE MATERIA
Término de materia o nombre geográfico como elemento de entrada Profesores de educación básica
9 (RLIN) 38844
650 #4 - PUNTO DE ACCESO ADICIONAL DE MATERIA--TÉRMINO DE MATERIA
Término de materia o nombre geográfico como elemento de entrada Educación de niños con discapacidades
9 (RLIN) 38845
910 ## - DATOS DE OPCIÓN DEL USUARIO (OCLC)
Datos de opción del usuario Validado. Control de calidad EMS
942 ## - ELEMENTOS DE PUNTO DE ACCESO ADICIONAL (KOHA)
Fuente del sistema de clasificación o colocación Dewey Decimal Classification
Tipo de ítem Koha Libro
Holdings
Estado de retiro Estado de pérdida Fuente del sistema de clasificación o colocación Restricciones de uso No para préstamo Código de colección Localización permanente Ubicación/localización actual Ubicación en estantería Fecha de adquisición Total de préstamos Signatura topográfica completa Código de barras Fecha visto por última vez Número de copia Precio válido a partir de Tipo de ítem Koha Fuente de adquisición Nota pública
    Dewey Decimal Classification Préstamo en sala   Dominicana de Servicio Biblioteca Nacional Pedro Henríquez Ureña Biblioteca Nacional Pedro Henríquez Ureña Depósito 07.04.2010   BNPHU DS 371.1 G887e 17901-30 25.06.2020 e. 3 25.06.2020 Libro    
    Dewey Decimal Classification Excluido de préstamo   Patrimonio Dominicano Biblioteca Nacional Pedro Henríquez Ureña Biblioteca Nacional Pedro Henríquez Ureña Depósito 07.04.2010   BNPHU PD 371.1 G887e 17901-10 25.06.2020   25.06.2020 Libro    
    Dewey Decimal Classification Excluido de préstamo   Patrimonio Dominicano Biblioteca Nacional Pedro Henríquez Ureña Biblioteca Nacional Pedro Henríquez Ureña Depósito 07.04.2010   BNPHU PD 371.1 G887e 17901-20 25.06.2020 e. 2 25.06.2020 Libro    
    Dewey Decimal Classification Préstamo en sala   Dominicana de Servicio Biblioteca Nacional Pedro Henríquez Ureña Biblioteca Nacional Pedro Henríquez Ureña Depósito 21.08.2023   BNPHU DS 371.1 G887e 17901-40 21.08.2023 e.4 21.08.2023 Libro Donación Perteneció a la biblioteca personal de Bárbara Suncar.

Powered by Koha